| 000 | 01037 a2200205 4500 | ||
|---|---|---|---|
| 003 | Nust | ||
| 005 | 20230601100034.0 | ||
| 010 | _a 86000232 | ||
| 020 | _a0471844616 (pbk.) : | ||
| 040 | _cNust | ||
| 082 | 0 | 0 | _a005.369,WIL |
| 100 | 1 |
_aWilliams, Andrew T., _9112942 |
|
| 245 | 1 | 0 |
_aLotus 1-2-3 release 2, ASAP : _bA self-teaching guide / _cAndrew T. Williams. |
| 260 |
_aNew York : _bWiley, _cc1986. |
||
| 300 |
_axii, 340 p. : _bill. ; _c26 cm. |
||
| 505 | _aWelcome to 1-+-2-3 Release 2 (Page-1), Worksheet Command (Page-8), The Range Command (Page-45), The Copy, Move, System and Quit Commands (Page-78), The File Command (Page-101), The Paint Command (Page-125), Constructing Lotus 123 Worksheet (Page-154), The Database Command (Page-193), Additional Data Commands: Regression, Parse and Matrix Multiplication (Page-230), The Graph Commands (Page-265), Macros : The Hidden Power (Page-290). | ||
| 650 | 0 |
_aBusiness _xComputer programs. _919731 |
|
| 740 | 0 | _aLotus one-two-three release 2, ASAP. | |
| 942 |
_2ddc _cBK _k005.369,WIL |
||
| 999 |
_c180481 _d180481 |
||